000 00697nam a2200241Ia 4500
005 20260430150649.0
008 008 250103s9999 xx 000 0 eng d
037 _aTheses
040 _aCRL
040 _beng
040 _ceng
041 _2eng
041 _aeng
084 _qCRL
100 _aKanojia Rohit Au.; Bhagat Sunita Gu.; Jaiswal A. K. Gu.
_91238143
245 0 _aDevelopment of New Extraction Methodologies for Analysis of Toxins and Drugs of Abuse from Biological Samples
260 _c2024
300 _a248p.
650 _aChemistry
700 _aUniversity of Delhi. Faculty of Science. Deptt. of Chemistry
_91236464
942 _cTH
999 _c1850332
_d1850332